La reforma

Tallennettuna:
Bibliografiset tiedot
Päätekijä: Delameau, Jean (Tekijä)
Aineistotyyppi: Kirja
Kieli:espanja
Julkaistu: Barcelona Labor 1977
Painos:3a. ed
Sarja:Nueva Clío. La Historia y sus Problemas, 30
Aiheet:
Tagit: Lisää tagi
Ei tageja, Lisää ensimmäinen tagi!

MARC

LEADER 00000cam a2200000 a 4500
001 UCZ3307
003 CL-VaPUC
008 951020e19770000SP |||||||||||||||||spa|d
020 |a 843359390 
082 0 4 |a 270.6  |b DEL  |2 21 
100 0 |a Delameau, Jean  |e author  |9 347081 
245 1 3 |a La reforma 
250 |a 3a. ed 
300 |a 330 p 
942 |c BK 
945 |d 19951020 00:00:00  |a cmena 
260 |a Barcelona  |b Labor  |c 1977 
650 7 |a REFORMA RELIGIOSA  |2 CL-VaPUC  |9 257490 
650 0 |a Historia  |9 255047 
650 7 |a CONFLICTO RELIGIOSO  |2 CL-VaPUC  |9 337528 
650 0 |a Capitalismo  |9 255255 
650 0 |a Protestantismo  |9 317293 
650 0 |a Religión   |9 255164 
650 7 |a MOVIMIENTOS RELIGIOSOS  |2 CL-VaPUC  |9 346572 
651 0 |a Europa  |9 255156 
583 |a last modification  |c 20180102 03:59:45  |k Rodrigo Vera 
490 0 |a Nueva Clío. La Historia y sus Problemas, 30 
999 |c 239793  |d 239791 
952 |0 0  |1 0  |3 erb  |4 0  |6 270_600000000000000_DEL_1977  |7 0  |8 A  |9 251189  |a FDOHBE  |b BIBHIS  |e Huesbe Llanos, Marco Antonio, 1934-  |i 5334608  |l 1  |o 270.6 DEL 1977  |p 5334608  |r 2024-01-30  |s 2022-06-01  |w 2019-11-18  |y BK  |z Catalogado en:20160623  |k HBE